000 00669nam a2200217 i 4500
001 58634
003 ES-MaACL
005 20250828062534.0
007 t|
008 031023s1962 sp |||| | spa d
110 2 _aMovimiento Nacional (España).
_bDelegación Nacional de Prensa, Propaganda y Radio.
_95783
245 1 3 _aLa educación y la nueva sociedad.
260 _aMadrid :
_bEdiciones del Movimiento,
_c[1962]
300 _a79 p. ;
_c22 cm.
490 1 _aNuevo horizonte
650 0 7 _aEducación
_2embne
_912073
710 2 _aEdiciones del Movimiento.
_9171800
830 1 _aNuevo horizonte
_9181183
852 _aES-MaACL
_jC-24173
999 _c58634
_d58634